Riziká a dôsledky cenovej regulácie

Ceny ako kľúčový atribút trhu. Riziká cenovej regulácie. Nedostatočne rozvinuté konkurenčné prostredie ako argument pre reguláciu. Legislatívne úpravy. Problémy, ktoré môže vyvolať aplikácia nových cenových predpisov.

Gespeichert in:
Bibliographische Detailangaben
1. Verfasser: Zemanovičová, Daniela
Format: Buchkapitel
Sprache:Slowakisch
Schlagworte:
Tags: Tag hinzufügen
Keine Tags, Fügen Sie das erste Tag hinzu!

MARC

LEADER 00000naa a2200000 4500
001 r026057
005 20230918075033.4
041 0 |a slo 
044 |a SK 
245 1 0 |a Riziká a dôsledky cenovej regulácie  |c Daniela Zemanovičová 
520 |a Ceny ako kľúčový atribút trhu. Riziká cenovej regulácie. Nedostatočne rozvinuté konkurenčné prostredie ako argument pre reguláciu. Legislatívne úpravy. Problémy, ktoré môže vyvolať aplikácia nových cenových predpisov. 
610 2 0 |a regulácia cenová 
610 2 0 |a riziko 
610 2 0 |a trh 
610 2 0 |a konkurencia 
610 2 0 |a Protimonopolný úrad SR Bratislava 
610 2 0 |a liberalizácia 
610 2 0 |a legislatíva 
610 2 0 |a Slovensko 
100 1 |a Zemanovičová, Daniela